ULTRAKILL Weapons - Statistics

General Stats
  • This quiz has been taken 136 times
  • The average score is 13 of 27
Answer Stats
Hint Answer % Correct
Revolver; Coin Marksman Revolver
85%
Revolver; First weapon in the game Piercer Revolver
78%
Shotgun; Fire cores that explode Core Eject Shotgun
72%
Revolver; Ricochet Sharpshooter Revolver
66%
Shotgun; Pump to charge larger shots Pump Charge Shotgun
61%
Arm: +PARRY Feedbacker
59%
Railcannon; fire a massive explosion Malicious Railcannon
57%
Nailgun; Fires a magnet that attracts _____ Attractor Nailgun
56%
Railcannon; similar to the above, but deals high damage with piercing Electric Railcannon
56%
Arm: Hold to create a shockwave Knuckleblaster
52%
Arm; pull lighter enemies to you, and yourself to heavier enemies Whiplash
52%
Shotgun; Chainsaw that can be thrown Sawed-on Shotgun
49%
Railcannon; gradual damage with good healing Screwdriver Railcannon
46%
Rocket Launcher; freeze time Freezeframe Rocket Launcher
45%
Nailgun; Fires a high-damage burst after a certain amount has been fired Overheat Nailgun
45%
ALT; Fire cores that can be pushed forward Core Eject Jackhammer
43%
Nailgun; electric wires that can be conducted Jumpstart Nailgun
41%
Rocket Launcher; fire a cannonball S.R.S Cannon Rocket Launcher
40%
Rocket Launcher; spread oil that can be ignited with explosions Firestarter Rocket Launcher
38%
ALT; Pump to charge more damage Pump Charge Jackhammer
38%
ALT; Coin Slab Marksman Revolver
37%
ALT; First weapon in the game Slab Piercer Revolver
35%
ALT; Chainsaw that can be thrown Sawed-on Jackhammer
33%
ALT; Fires a magnet that attracts _____ Attractor Sawblade Launcher
29%
ALT; Ricochet Slab Sharpshooter Revolver
29%
ALT; Fires a single high-damage _____ after a certain amount has been fired Overheat Sawblade Launcher
23%
ALT; Electric wires that can be conducted Jumpstart Sawblade Launcher
18%
No matching quizzes found
Score Distribution
Percent of People with Each Score
Percentile by Number Answered
Your Score History
You have not taken this quiz